000 00567nam a2200181Ia 4500
003 IN-BaIIA
008 211028s9999 xx 000 0 eng d
040 _cIIA Library
080 _a524.38(082.1)
_bBIN
100 _aAbhyankar, K. D
_914443
245 0 _aBinary and multiple systems
_cK. D. Abhyankar
260 _aHyderabad
_bOsmania University
_c1984
300 _a[various pagings.]
650 _aAstronomy and astrophysics thesaurus
650 _aBinary stars
_91185
650 _aDouble galaxies
_91252
942 _cBK
999 _c8608
_d8608